000 01335nam a2200421 i 4500
001 45718
003 KOSZ 005
005 20220909134321.0
008 041008s2004 pl a f f |000 0 pol
015 _aPB 2004/19438
020 _a8386691921
040 _aWA N
_cWA N
_dKOSZ 005/HR
041 0 _apol
046 _k2004
080 _a336.14(438)"1989/..."
080 _a336.14(100)"1989/..."
080 _a352(438)"1989/..."
080 _a352(100)"1989/..."
080 _a(075.8)
100 1 _aSwianiewicz, Paweł
_d(1961- )
_eAutor
245 1 0 _aFinanse lokalne - teoria i praktyka /
_cPaweł Swianiewicz.
260 _aWarszawa :
_b"Municipium",
_c2004.
300 _a305 s. :
_bmapy, tab., wykr ;
_c24 cm.
336 _2rdacontent
_aTekst
_btxt
337 _2rdamedia
_aBez urządzenia pośredniczącego
_bn
338 _2rdacarrier
_aWolumin
_bnc
380 _aKsiążki
388 _a2001-
504 _aBibliogr. s. 291-305.
648 7 _a2001-
650 4 _aBudżety terenowe
651 7 _aPolska
655 4 _aPodręczniki akademickie
658 _aGospodarka, ekonomia, finanse
658 _aPolityka, politologia, administracja publiczna
856 _uhttp://koha.tu.koszalin.pl/cgi-bin/koha/opac-detail.pl?biblionumber=45718
_yKatalog online BPK
942 _2UKD
_cKS
999 _c45718
_d45718